000 00512nam a2200181Ia 4500
008 090124s9999 xx 000 0 und d
082 _b114431
100 _aकालेलकर मधुसूदन
245 _a अमृत वेल
250 _a1
260 _c1972
300 _a87
600 _aकालेलकर मधुसूदन
630 _a अमृत वेल
700 _aकालेलकर मधुसूदन
730 _a अमृत वेल
942 _cBOOK
999 _c160522
_d160522